| 000 | 00605nam a2200217 a 4500 | ||
|---|---|---|---|
| 001 | 0001-2202 | ||
| 003 | ELIB.Books | ||
| 008 | 190803 2010 eng | ||
| 020 | _a0691036063 | ||
| 092 |
_a303.48 _bRed |
||
| 100 | _aRedford, Donald B. | ||
| 245 | _aEgypt, Canaan, and Israel in Ancient Times | ||
| 260 |
_aPrinceton, New Jersey _bPrinceton University Press _c1993 |
||
| 300 |
_a487 _c23.5cm |
||
| 650 | _aEgypt-Relations-Palestine | ||
| 856 |
_nKBTS Library _uKBTS Elib |
||
| 942 |
_2ddc _cBK |
||
| 990 | _a1 | ||
| 998 |
_aEnglishbooks.elf _ccat _e2019-08-03 |
||
| 999 |
_c12202 _d12202 |
||